000 00877nam a2200229Ia 4500
003 OSt
005 20250612121409.0
008 191128s2013 sp er 000 f spa d
020 _a9788498384420
040 _aCO-JMCR
_cCO-JMCR
041 0 _aspa
082 0 4 _aJ-N
_bROWh
100 1 _aRowling, J. K.,
_eautora
_98076
245 1 0 _aHarry Potter :
_by el prisionero de Azkaban /
_cJ. K. Rowling
250 _aTercera edición
260 _aBarcelona :
_bEdiciones Salamandra,
_c2013
300 _a359 páginas ;
_c20 cm.
490 0 _aLetras de bolsillos
520 _aIgual que en las dos primeras partes de la serie, Harry aguarda con impaciencia el inicio del tercer curso en el Colegio Hogwarts de Magia. Tras haber cumplido los tres años, solo y lejos de sus amigos, Harry se pelea con su bigotuda tía Marge.
650 0 4 _aNovela inglesa
_9193
942 _2ddc
_cBK
999 _c3493
_d3493